Engineering economic analysis (EBOOK) (Record no. 217160)

000 -LEADER
fixed length control field 00953 a2200241 4500
003 - CONTROL NUMBER IDENTIFIER
control field Nust
005 - DATE AND TIME OF LATEST TRANSACTION
control field 20170207171534.0
010 ## - LIBRARY OF CONGRESS CONTROL NUMBER
LC control number 2003064973
020 ## - INTERNATIONAL STANDARD BOOK NUMBER
International Standard Book Number 0195168070 (acid-free paper)
040 ## - CATALOGING SOURCE
Transcribing agency Nust
082 00 - DEWEY DECIMAL CLASSIFICATION NUMBER
Classification number 658.15
100 1# - MAIN ENTRY--PERSONAL NAME
Personal name Newnan, Donald G.
245 10 - TITLE STATEMENT
Title Engineering economic analysis (EBOOK)
Statement of responsibility, etc. Donald G. Newnan, Ted G. Eschenbach, Jerome P. Lavelle.
250 ## - EDITION STATEMENT
Edition statement 9th ed.
260 ## - PUBLICATION, DISTRIBUTION, ETC.
Place of publication, distribution, etc. New York :
Name of publisher, distributor, etc. Oxford University Press,
Date of publication, distribution, etc. 2004.
300 ## - PHYSICAL DESCRIPTION
Extent xx, 598 p. :
Other physical details ill. ;
Dimensions 24 cm.
Accompanying material + 1 CD-ROM (4 3/4 in.)
650 #0 - SUBJECT ADDED ENTRY--TOPICAL TERM
Topical term or geographic name entry element Engineering economy.
700 1# - ADDED ENTRY--PERSONAL NAME
Personal name Eschenbach, Ted G.,
Dates associated with a name 1951-
700 1# - ADDED ENTRY--PERSONAL NAME
Personal name Lavelle, Jerome P.
856 42 - ELECTRONIC LOCATION AND ACCESS
Materials specified Contributor biographical information
Uniform Resource Identifier <a href="http://www.loc.gov/catdir/enhancements/fy0723/2003064973-b.html">http://www.loc.gov/catdir/enhancements/fy0723/2003064973-b.html</a>
856 42 - ELECTRONIC LOCATION AND ACCESS
Materials specified Publisher description
Uniform Resource Identifier <a href="http://www.loc.gov/catdir/enhancements/fy0615/2003064973-d.html">http://www.loc.gov/catdir/enhancements/fy0615/2003064973-d.html</a>
856 42 - ELECTRONIC LOCATION AND ACCESS
Materials specified Table of contents only
Uniform Resource Identifier <a href="http://www.loc.gov/catdir/enhancements/fy0615/2003064973-t.html">http://www.loc.gov/catdir/enhancements/fy0615/2003064973-t.html</a>
942 ## - ADDED ENTRY ELEMENTS (KOHA)
Source of classification or shelving scheme
Koha item type Book
Holdings
Withdrawn status Lost status Source of classification or shelving scheme Damaged status Not for loan Collection code Permanent Location Current Location Date acquired Total Checkouts Full call number Barcode Date last seen Price effective from Koha item type
            Military College of Signals (MCS) Military College of Signals (MCS) 12/12/2016   658.15 NEW MCSEB-3442 12/08/2016 12/12/2016 Book
© 2023 Central Library, National University of Sciences and Technology. All Rights Reserved.